000 00851nam a2200229 a 4500
001 BRCA_2183
005 20190320203715.0
008 850207s1981 mx-f---##b---f000-0#spa-#
020 _a9681632087
040 _aDLC
_cDLC
_dDLC
050 4 _aGT2853
_b.C67 1996
100 1 _aCorcuera de Mancera, Sonia
_96589
245 1 0 _aEntre gula y templanza
_bun aspecto de la historia mexicana
_cSonia Corcuera de Mancera.
260 _aMéxico
_bFCE
_c1996
300 _a176 p.
_bil.
_c21 cm.
500 _aApéndice 1 : Algunos ejemplos sobre el hambre europea en el siglo XIII. Apéndice 2 : Ferias anuales celebradas en México a mediados del siglo XIX
504 _aBibliografía : p. 163-171
650 1 4 _aHábitos alimenticios
_xHistoria
_zMéxico
_92500
651 4 _aMéxico
_xVida social y costumbres
_9769
653 0 _aVida cotidiana
942 _2lcc
_cB
999 _c1939
_d1939